Human Impact on the Ecosystem. (Record no. 1686)

MARC details
000 -LEADER
fixed length control field 00357nam a22001217a 4500
005 - DATE AND TIME OF LATEST TRANSACTION
control field 20200902162747.0
008 - FIXED-LENGTH DATA ELEMENTS--GENERAL INFORMATION
fixed length control field 200902b ||||| |||| 00| 0 eng d
020 ## - INTERNATIONAL STANDARD BOOK NUMBER
International Standard Book Number 0050032038
040 ## - CATALOGING SOURCE
Transcribing agency CML
245 ## - TITLE STATEMENT
Title Human Impact on the Ecosystem.
Statement of responsibility, etc. Tivy, J & O'Hare, G.
260 ## - PUBLICATION, DISTRIBUTION, ETC.
Place of publication, distribution, etc. Edinburgh
Name of publisher, distributor, etc. Oliver & Boyd
Date of publication, distribution, etc. 1981
942 ## - ADDED ENTRY ELEMENTS (KOHA)
Source of classification or shelving scheme Dewey Decimal Classification
Koha item type Books
Classification part 574.522
Call number suffix TIV
Holdings
Withdrawn status Lost status Source of classification or shelving scheme Damaged status Not for loan Collection code Home library Current library Shelving location Date acquired Total Checkouts Full call number Barcode Date last seen Price effective from Koha item type
    Dewey Decimal Classification     Natural Sciences & Mathematics Chalimbana Main Library Chalimbana Main Library Natural Sciences & Mathematics 09/02/2020   574.522 TIV 9780050032039 09/02/2020 09/02/2020 Books

Powered by Koha